| 000 | 00000nam 2200000zi 4500 |
| 001 | 9.558643 |
| 003 | CaOODSP |
| 005 | 20210809094822 |
| 007 | cr ||||||||||| |
| 008 | 150406s2004||||xxc|||||o f|0| 0 eng d |
| 020 | |a0662351711 |
| 022 | |a1205-9153 |
| 040 | |aCaOODSP|beng |
| 043 | |an-cn--- |
| 086 | 1 |aCS11-0019/208E-PDF |
| 100 | 1 |aDave, Chetan, |eauthor. |
| 245 | 10|aAre investment expectations rational? / |cby Chetan Dave. |
| 264 | 1|aOttawa, Ontario : |bStatistics Canada, |cDecember 2004. |
| 300 | |a1 online resource (23 pages) : |bgraphs, tables. |
| 336 | |atext|btxt|2rdacontent |
| 337 | |acomputer|bc|2rdamedia |
| 338 | |aonline resource|bcr|2rdacarrier |
| 490 | 1 |aAnalytical Studies Branch research paper series ; |x1205-9153|vNo. 208 |
| 504 | |aIncludes bibliographical references. |
| 590 | |a12-34-Supp|b2012-07-31 |
| 690 | 07|aPrivate investments|2gcpds |
| 710 | 2 |aStatistics Canada, |eissuing body. |
| 775 | 08|tLes anticipations concernant l'investissement sont-elles rationnelles? / |w(CaOODSP)9.591484 |
| 830 | #0|aResearch paper series (Statistics Canada. Analytical Studies Branch)|x1205-9153|vNo. 208|w(CaOODSP)9.504421 |
| 856 | 40|ahttp://publications.gc.ca|qPDF|s351 KB|uhttps://publications.gc.ca/collections/collection_2012/statcan/11f0019m/11f0019m2004208-eng.pdf|yNo. 208 |